000 00443nam a2200145Ia 4500
008 231129s2007||||xx |||||||||||||| ||spa||
020 _a958-06-1100-4
040 _bspa
082 _a306.74 M178p
100 _aMadame Rochy
245 0 _aPrepagos?: revelaciones de Madame Rochy al periodista Alfredo Serrano Zabala.
260 _c2007
264 _aLa Oveja Negra; Quintero Editores
942 _2ddc
_cBKS
999 _c23144
_d23144